[Event "EST-ch U16"]
[Site "Tallinn"]
[Date "2016.05.21"]
[Round "6"]
[White "Kosohh, Kirill"]
[Black "Pedoson, Georg Aleksander"]
[Result "1/2-1/2"]
[WhiteElo "1463"]
[BlackElo "1965"]
[PlyCount "80"]
[EventDate "2016.05.19"]
[EventType "swiss"]
[EventRounds "7"]
[EventCountry "EST"]
[SourceTitle "EXT 2018"]
[Source "ChessBase"]
[SourceDate "2017.10.13"]
[SourceVersion "1"]
[SourceVersionDate "2017.10.13"]
[SourceQuality "1"]

1. e4 c5 2. Nf3 e6 3. d4 cxd4 4. Nxd4 a6 5. c4 Nf6 6. Nc3 Qc7 7. Be2 b6 8. 0-0 Bb7 9. Qd3 d6 10. f4 Nbd7 11. b4 Be7 12. a3 Rc8 13. Bb2 Qb8 14. Qe3 0-0 15. Bd3 Rfd8 16. Kh1 Bf8 17. Qh3 h6 18. Rae1 Re8 19. Qg3 e5 20. fxe5 dxe5 21. Nf5 Kh8 22. Ne3 Nh5 23. Qh4 Nf4 24. Rxf4 exf4 25. Ned5 Ne5 26. Bf1 Ng6 27. Qh3 Bc6 28. b5 axb5 29. cxb5 Ba8 30. Qd7 Ne5 31. Qf5 f3 32. gxf3 Bxd5 33. Nxd5 Rc2 34. Re2 Rxe2 35. Bxe2 Bd6 36. f4 f6 37. fxe5 Bxe5 38. Bxe5 Rxe5 39. Qf3 Qd6 40. Qd3 f5 1/2-1/2

[Event "EST-ch U16"]
[Site "Tallinn"]
[Date "2016.05.19"]
[Round "1"]
[White "Ivanov, Platon Jaan"]
[Black "Kosohh, Kirill"]
[Result "1/2-1/2"]
[WhiteElo "2006"]
[BlackElo "1463"]
[PlyCount "128"]
[EventDate "2016.05.19"]
[EventType "swiss"]
[EventRounds "7"]
[EventCountry "EST"]
[SourceTitle "EXT 2018"]
[Source "ChessBase"]
[SourceDate "2017.10.13"]
[SourceVersion "1"]
[SourceVersionDate "2017.10.13"]
[SourceQuality "1"]

1. c4 Nf6 2. Nf3 g6 3. b3 Bg7 4. Bb2 0-0 5. g3 e6 6. Bg2 d5 7. Qc2 b6 8. 0-0 c5 9. d4 Na6 10. a3 Ne4 11. Rd1 Bb7 12. Nbd2 f5 13. dxc5 Naxc5 14. Bxg7 Kxg7 15. b4 Na6 16. cxd5 exd5 17. Rac1 Rc8 18. Qb2+ Qf6 19. Qxf6+ Kxf6 20. Nxe4+ dxe4 21. Nd4 Rxc1 22. Rxc1 Rd8 23. e3 Nb8 24. Bf1 Rc8 25. Rxc8 Bxc8 26. Bc4 Bd7 27. Kf1 Nc6 28. Nxc6 Bxc6 29. Ke2 Ke5 30. Kd2 g5 31. Kc3 f4 32. Ba6 fxe3 33. fxe3 Bd5 34. Bc8 h6 35. Bg4 Bf7 36. Be2 Be6 37. Bd1 b5 38. Be2 a6 39. Kd2 g4 40. Kc3 h5 41. a4 Bd7 42. axb5 axb5 43. Bd1 Bc6 44. Be2 Bd7 45. Bf1 Kd5 46. Be2 Ke5 47. Kd2 Kd5 48. Kc2 Ke5 49. Kb2 Be6 50. Bd1 Bd5 51. Kc3 Bc6 52. Be2 Bd7 53. Bf1 Kd5 54. Bg2 Ke5 55. Kd2 Kd5 56. Bf1 Ke5 57. Be2 Bc6 58. Kc3 Bd7 59. Bf1 Kd5 60. Be2 Ke5 61. Bd1 Bc6 62. Kd2 Bd5 63. Kc2 Bc6 64. Kc3 Bd5 1/2-1/2